Central Library OPAC University of Rajshahi

Industrial Management in Trasition / (Record no. 74541)

MARC details
000 -LEADER
fixed length control field 00744nam a2200241 i 4500
001 - CONTROL NUMBER
control field 74541
003 - CONTROL NUMBER IDENTIFIER
rucl marc code BD-RjUL
005 - DATE AND TIME OF LATEST TRANSACTION
control field 20211209082552.0
008 - FIXED-LENGTH DATA ELEMENTS--GENERAL INFORMATION
fixed length control field 181023t19621953n a|||| i||| 001 0 eng d
035 ## - SYSTEM CONTROL NUMBER
System control number (BD-RjUL)74759
040 ## - CATALOGING SOURCE
Original cataloging agency BD-RjUL
Language of cataloging eng
Transcribing agency BD-RjUL
041 ## - LANGUAGE CODE
Language code of text/sound track or separate title eng
082 ## - DEWEY DECIMAL CLASSIFICATION NUMBER
Edition number 23
Classification number 338.9
Author mark and year FII 1953
100 1# - MAIN ENTRY--PERSONAL NAME
Personal name Filipetti, George
9 (RLIN) 224065
245 01 - TITLE STATEMENT
Title Industrial Management in Trasition /
Statement of responsibility, etc. George Filipetti,
250 ## - EDITION STATEMENT
Edition statement Revised Edition
264 ## - PRODUCTION, PUBLICATION, DISTRIBUTION, MANUFACTURE, AND COPYRIGHT NOTICE
Place of production, publication, distribution, manufacture Homewood ; Illinois :
Name of producer, publisher, distributor, manufacturer Richard D. Irwin ,
Date of production, publication, distribution, manufacture, or copyright notice c1953 [Printing 1962]
300 ## - PHYSICAL DESCRIPTION
Pagination Xv , 344 p. :
Illustrations illustration
Size 23 cm
490 ## - SERIES STATEMENT
Series statement Irwin series in Industrial Engineering And Management
500 ## - GENERAL NOTE
General note Includes Index
650 ## - SUBJECT ADDED ENTRY--TOPICAL TERM
Topical term or geographic name as entry element Economic Policy
9 (RLIN) 224066
942 ## - ADDED ENTRY ELEMENTS (KOHA)
Source of classification or shelving scheme Dewey Decimal Classification
Koha item type Books
Holdings
Lost status Source of classification or shelving scheme Damaged status Not for loan Collection code Permanent Location Current Location Shelving location Date acquired Source of acquisition Cost, normal purchase price Total Checkouts Full call number Date last seen Copy number Koha item type
  Dewey Decimal Classification   Not For Loan Non-fiction Central Library, University of Rajshahi Central Library, University of Rajshahi Reading Room 31/03/1970 Zeitlinger 66.00   338.9 FII 1962 23/10/2018 C-1 Books